000
00323nam a22001457a 4500
020
_a
0-590-13627-5
082
_a
823
_b
JUN/Y
100
_a
JUNGMAN, ANN
245
_a
YOUNG HIPPO FUNNY
260
_a
LONDON
_b
SCHOLASTIC CHILDRENS BOOK
_c
1996
300
_a
80
520
_a
SHORT STORY
650
_a
SHORT STORY
942
_c
BK
999
_c
5972
_d
5972